000 00458nam a2200169Ia 4500
008 230718s9999 xx 000 0 und d
020 _a9780198526933
041 _aeng
082 _a005.13'3
_bMET
100 _aMetcalf M.
_9159718
245 _aFortran 95/2003 Explained
260 _c2010
_bOxford
300 _a416
_dRef 88 IT (44935)
365 _cRs.
_b4493.00
700 _aMetcalf M.; Reid J. & Cohen M.
906 _dB:428110-Oct-2013
_cIT
_b1123.25
999 _c333728
_d333728